[Event "BIH-chTA 27th"]
[Site "Lukavac"]
[Date "2020.10.30"]
[Round "1.4"]
[White "Hutinovic, Halim"]
[Black "Besirevic, Jasmin"]
[Result "1/2-1/2"]
[WhiteElo "2033"]
[BlackElo "1849"]
[PlyCount "130"]
[EventDate "2020.10.30"]
[EventType "team-tourn"]
[EventRounds "9"]
[EventCountry "BIH"]
[SourceTitle "CBM 199 Extra"]
[Source "ChessBase"]
[SourceDate "2021.01.31"]
[SourceVersion "1"]
[SourceVersionDate "2021.01.31"]
[SourceQuality "1"]
[WhiteTeam "Cazin Ljiljan"]
[BlackTeam "Zenica Preporod"]
[WhiteTeamCountry "BIH"]
[BlackTeamCountry "BIH"]

1. d4 Nf6 2. Nf3 e6 3. c4 c5 4. d5 exd5 5. cxd5 d6 6. Nc3 Be7 7. e4 0-0 8. h3 a6 9. a4 Re8 10. Bd3 Bf8 11. 0-0 Nbd7 12. Bf4 c4 13. Bc2 Rb8 14. a5 b5 15. axb6 Qxb6 16. Ra2 Qc7 17. Nd4 Bb7 18. f3 Nh5 19. Bh2 g6 20. Ba4 Rec8 21. g4 Nhf6 22. Nc6 Bxc6 23. Bxc6 Nc5 24. Qd4 Nfd7 25. Qxc4 Qb6 26. Kg2 Ne5 27. Bxe5 dxe5 28. Na4 Qb3 29. Qxb3 Rxb3 30. Nxc5 Bxc5 31. Ba4 Rb4 32. Rc1 Rc7 33. b3 Bd6 34. Rac2 Rxc2+ 35. Rxc2 Rb6 36. Kf2 Kg7 37. Ke3 f5 38. exf5 gxf5 39. gxf5 Kf6 40. Ke4 Rb4+ 41. Rc4 a5 42. h4 h6 43. Rxb4 Bxb4 44. f4 Bd6 45. fxe5+ Bxe5 46. Bd7 h5 47. Be8 Bg3 48. Bxh5 Bxh4 49. d6 Bg3 50. d7 Bc7 51. Bg6 Ke7 52. Be8 Kf6 53. Kd5 Kxf5 54. Kc6 Bd8 55. Kd6 Kf6 56. Bh5 Bb6 57. Bf3 Bd8 58. Bd5 Bb6 59. Kc6 Bd8 60. Kb7 Ke7 61. Bc6 Kd6 62. Kc8 Ke7 63. Bb5 Bb6 64. Bc6 Bd8 65. Bb5 Bb6 1/2-1/2

[Event "BIH-ch 12th"]
[Site "Lukavac"]
[Date "2018.12.13"]
[Round "1"]
[White "Osmic, Enis"]
[Black "Hutinovic, Halim"]
[Result "0-1"]
[WhiteElo "1537"]
[BlackElo "2025"]
[PlyCount "90"]
[EventDate "2018.12.13"]
[EventType "swiss"]
[EventRounds "7"]
[EventCountry "BIH"]
[SourceTitle "CBM 187 Extra"]
[Source "ChessBase"]
[SourceDate "2018.11.04"]
[SourceVersion "1"]
[SourceVersionDate "2018.11.04"]
[SourceQuality "1"]

1. e4 c6 2. d4 d5 3. e5 Bf5 4. Nf3 e6 5. Bd3 Ne7 6. Nbd2 Bxd3 7. cxd3 Nf5 8. Nb3 Nd7 9. Qc2 Be7 10. Nc5 Nxc5 11. dxc5 Qa5+ 12. Bd2 Qxc5 13. Qxc5 Bxc5 14. Bc3 0-0 15. d4 Be7 16. 0-0 c5 17. dxc5 Bxc5 18. Rac1 Rfc8 19. Rc2 Rc6 20. Rfc1 Rac8 21. g4 Ne7 22. Bd4 Bxd4 23. Nxd4 Rxc2 24. Rxc2 Rxc2 25. Nxc2 Nc6 26. f4 g5 27. Ne1 gxf4 28. Nd3 Kg7 29. Kf2 b6 30. Kf3 f6 31. exf6+ Kxf6 32. Nxf4 Ne5+ 33. Kg3 d4 34. Nh5+ Ke7 35. Kf4 Nc4 36. Ke4 e5 37. b3 Nd6+ 38. Kd3 Ke6 39. Ng3 Kd5 40. Ne2 e4+ 41. Kd2 Ke5 42. a3 d3 43. Nc3 Kd4 44. Nd1 e3+ 45. Nxe3 Ne4+ 0-1

[Event "Lukavac op 5th"]
[Site "Lukavac"]
[Date "2016.11.25"]
[Round "3"]
[White "Karlovic, Zvonimir"]
[Black "Hutinovic, Halim"]
[Result "0-1"]
[WhiteElo "1873"]
[BlackElo "2019"]
[PlyCount "38"]
[EventDate "2016.11.24"]
[EventType "swiss"]
[EventRounds "7"]
[EventCountry "BIH"]
[SourceTitle "EXT 2019"]
[Source "ChessBase"]
[SourceDate "2018.10.10"]
[SourceVersion "1"]
[SourceVersionDate "2018.10.10"]
[SourceQuality "1"]

1. Nf3 d5 2. c4 d4 3. d3 c5 4. g3 Nc6 5. Bg2 e5 6. b4 cxb4 7. a3 Nf6 8. 0-0 bxa3 9. Bxa3 Bxa3 10. Nxa3 0-0 11. Nb5 Bg4 12. c5 Nd7 13. Qc2 a5 14. Nd6 Qc7 15. Rfc1 Nb4 16. Qc4 Be6 17. Qb5 Bd5 18. Nxe5 Nxe5 19. Bxd5 Nxd5 0-1

[Event "Sarajevo Bosna op-B 43rd"]
[Site "Sarajevo"]
[Date "2013.06.01"]
[Round "1"]
[White "Hutinovic, Halim"]
[Black "Avdic, Adnan"]
[Result "1-0"]
[WhiteElo "2050"]
[BlackElo "2268"]
[PlyCount "69"]
[EventDate "2013.06.01"]
[EventType "swiss"]
[EventRounds "9"]
[EventCountry "BIH"]
[SourceTitle "CBM 154 Extra"]
[Source "ChessBase"]
[SourceDate "2013.06.25"]
[SourceVersion "2"]
[SourceVersionDate "2013.06.25"]
[SourceQuality "1"]

1. Nf3 Nc6 2. c4 e5 3. Nc3 Nf6 4. g3 Bc5 5. Bg2 d6 6. 0-0 0-0 7. d3 h6 8. a3 a5 9. Rb1 Be6 10. e3 Qd7 11. Re1 Bg4 12. Qa4 Rfe8 13. Nd2 Be6 14. Nd5 Bxd5 15. cxd5 Ne7 16. Qb3 c6 17. dxc6 bxc6 18. Qc3 Nf5 19. Bh3 e4 20. dxe4 Nxe4 21. Nxe4 Rxe4 22. b4 Bb6 23. Bb2 f6 24. Bxf5 Qxf5 25. Qxc6 Ra6 26. Bd4 Bxd4 27. Qxa6 Bc3 28. Rec1 axb4 29. axb4 Bxb4 30. Rc8+ Kh7 31. Qd3 Ba5 32. Rb5 Qxc8 33. Qxe4+ Kg8 34. Qd5+ Kh7 35. Rxa5 1-0

[Event "Lukavac op 1st"]
[Site "Lukavac"]
[Date "2012.11.25"]
[Round "5"]
[White "Hutinovic, Halim"]
[Black "Hamzagic, Abdel"]
[Result "1-0"]
[WhiteElo "2034"]
[BlackElo "2080"]
[PlyCount "47"]
[EventDate "2012.11.23"]
[EventType "swiss"]
[EventRounds "7"]
[EventCountry "BIH"]
[SourceTitle "CBM 151 Extra"]
[Source "ChessBase"]
[SourceDate "2012.12.18"]
[SourceVersion "1"]
[SourceVersionDate "2012.12.18"]
[SourceQuality "1"]

1. d4 Nf6 2. c4 g6 3. Nc3 c5 4. d5 d6 5. e4 Bg7 6. f4 0-0 7. Nf3 Qa5 8. Bd2 Bg4 9. Be2 Bxf3 10. Bxf3 Qb4 11. b3 Qb6 12. 0-0 Nbd7 13. Qe2 Qc7 14. Rae1 e5 15. dxe6 fxe6 16. Qd3 a6 17. g4 Rad8 18. g5 Ne8 19. Bg4 Bd4+ 20. Kg2 Ng7 21. Ne2 e5 22. f5 Rde8 23. f6 Ne6 24. Qh3 1-0

[Event "Gorazde op"]
[Site "Gorazde"]
[Date "2011.09.17"]
[Round "6"]
[White "Stavnjak, Lazar"]
[Black "Hutinovic, Halim"]
[Result "1-0"]
[WhiteElo "2242"]
[BlackElo "2039"]
[PlyCount "115"]
[EventDate "2011.09.15"]
[EventType "swiss"]
[EventRounds "7"]
[EventCountry "BIH"]
[SourceTitle "CBM 144 Extra"]
[Source "ChessBase"]
[SourceDate "2011.10.28"]
[SourceVersion "1"]
[SourceVersionDate "2011.10.28"]
[SourceQuality "1"]

1. e4 c5 2. Nf3 e6 3. d4 cxd4 4. Nxd4 Nf6 5. Bd3 d6 6. c4 Be7 7. Nc3 a6 8. 0-0 Nbd7 9. b3 0-0 10. Bb2 Qc7 11. Kh1 b6 12. f4 Bb7 13. Qe2 Rfd8 14. Rac1 e5 15. Nf5 Bf8 16. Nd5 Qb8 17. Qf3 Bxd5 18. cxd5 Re8 19. Rc6 Ra7 20. g3 g6 21. fxe5 dxe5 22. Ne3 Bg7 23. Ba3 b5 24. Bd6 Qd8 25. Rfc1 Ra8 26. Kg2 Bf8 27. Bxf8 Rxf8 28. R1c2 h5 29. Kg1 Kg7 30. Bf1 Ra7 31. Bh3 Qa5 32. Rf2 Nh7 33. Bxd7 Rxd7 34. h4 Qe1+ 35. Rf1 Qa5 36. Qf2 Qb4 37. Qf3 a5 38. g4 Qe7 39. Qg3 hxg4 40. Nxg4 f6 41. Kh2 Kh8 42. Rf2 Rd6 43. Rfc2 Rxc6 44. dxc6 Rc8 45. Qc3 Nf8 46. Ne3 f5 47. exf5 Qxh4+ 48. Kg1 Qg3+ 49. Rg2 Qf4 50. Qd2 Qf3 51. fxg6 Kg7 52. Qd3 Qxc6 53. Rc2 Qe6 54. Nf5+ Kf6 55. g7 Nh7 56. Rf2 Rc1+ 57. Kh2 Qb6 58. Qg3 1-0

[Event "Bizovac Metalis op 15th"]
[Site "Bizovac"]
[Date "2008.02.21"]
[Round "1"]
[White "Hutinovic, Halim"]
[Black "Stevic, Hrvoje"]
[Result "0-1"]
[WhiteElo "2002"]
[BlackElo "2531"]
[PlyCount "104"]
[EventDate "2008.02.21"]
[EventType "swiss"]
[EventRounds "7"]
[EventCountry "CRO"]
[SourceTitle "CBM 122 Extra"]
[Source "ChessBase"]
[SourceDate "2008.03.04"]
[SourceVersion "1"]
[SourceVersionDate "2008.03.04"]
[SourceQuality "1"]

1. d4 Nf6 2. Nf3 g6 3. g3 Bg7 4. Bg2 0-0 5. 0-0 d5 6. Nbd2 c6 7. c4 dxc4 8. Nxc4 Be6 9. b3 Bd5 10. Bb2 Nbd7 11. Rc1 a5 12. Nfe5 Bxg2 13. Kxg2 Nxe5 14. dxe5 Nd5 15. e4 Nb4 16. f4 Nxa2 17. Ra1 Nb4 18. Bc3 Qxd1 19. Rfxd1 b5 20. Nxa5 Nc2 21. Nxc6 Rxa1 22. Nxe7+ Kh8 23. Rxa1 Nxa1 24. Bxa1 Ra8 25. Bd4 Ra2+ 26. Kf3 Rxh2 27. f5 Rd2 28. Nc6 Kg8 29. f6 Bh6 30. b4 Kf8 31. Bc5+ Ke8 32. Na7 Bf8 33. Nxb5 Bxc5 34. bxc5 Kd7 35. Ke3 Rd1 36. Nd4 Rc1 37. c6+ Ke8 38. g4 h6 39. Kd3 h5 40. gxh5 gxh5 41. e6 fxe6 42. c7 Rxc7 43. Nxe6 Rd7+ 44. Ke3 Kf7 45. Nf4 h4 46. e5 Rd1 47. Ke4 Rf1 48. Nh3 Kg6 49. Nf4+ Kg5 50. Nh3+ Kg4 51. Kd5 Kxh3 52. e6 Rf5+ 0-1

[Event "Zupanja op-B 2nd"]
[Site "Zupanja"]
[Date "2008.01.07"]
[Round "7"]
[White "Hutinovic, Halim"]
[Black "Ciganovic, Nikola"]
[Result "0-1"]
[WhiteElo "2002"]
[BlackElo "2233"]
[PlyCount "120"]
[EventDate "2008.01.03"]
[EventType "swiss"]
[EventRounds "9"]
[EventCountry "CRO"]
[SourceTitle "CBM 122 Extra"]
[Source "ChessBase"]
[SourceDate "2008.03.04"]
[SourceVersion "1"]
[SourceVersionDate "2008.03.04"]
[SourceQuality "1"]

1. Nf3 Nf6 2. d4 c5 3. d5 b5 4. c4 e6 5. dxe6 fxe6 6. cxb5 d5 7. e3 Bd6 8. Be2 0-0 9. 0-0 Bb7 10. b3 Ng4 11. Nbd2 d4 12. e4 d3 13. Bxd3 Nxh2 14. Qe2 Nxf1 15. Nxf1 Bf4 16. Bb2 Nd7 17. g3 Bc7 18. Bc4 Qe7 19. Nh4 Kh8 20. e5 Bd5 21. Qh5 Qe8 22. Qe2 Bxc4 23. bxc4 Qf7 24. f4 Nb6 25. a4 a5 26. Nf3 Rad8 27. Bc3 Nc8 28. Ne3 Qg6 29. Kf2 Rd3 30. f5 Rxf5 31. Nxf5 Rxc3 32. Qd2 Rxf3+ 33. Kxf3 Qxf5+ 34. Qf4 Qxf4+ 35. gxf4 Kg8 36. Ke4 g6 37. Rd1 Nb6 38. Kf3 Kf7 39. Ke4 Ke8 40. Rh1 h5 41. Rg1 Kf7 42. Rd1 Ke8 43. Rg1 Kf7 44. Rd1 Kg7 45. Kf3 Kh6 46. Ke4 h4 47. Kf3 Nxc4 48. Rc1 Nd2+ 49. Ke2 Nb3 50. Rc3 Nd4+ 51. Ke3 Bb6 52. Ke4 Kh5 53. Rc1 Ne2 54. Rc2 Ng3+ 55. Kf3 Nf5 56. Rd2 c4 57. Rd7 Nd4+ 58. Ke4 c3 59. Kd3 c2 60. Kd2 h3 0-1

[Event "Zupanja op-B 2nd"]
[Site "Zupanja"]
[Date "2008.01.04"]
[Round "2"]
[White "Ilic, Slobodan S"]
[Black "Hutinovic, Halim"]
[Result "1-0"]
[WhiteElo "2195"]
[BlackElo "2002"]
[PlyCount "58"]
[EventDate "2008.01.03"]
[EventType "swiss"]
[EventRounds "9"]
[EventCountry "CRO"]
[SourceTitle "CBM 122 Extra"]
[Source "ChessBase"]
[SourceDate "2008.03.04"]
[SourceVersion "1"]
[SourceVersionDate "2008.03.04"]
[SourceQuality "1"]

1. d4 c6 2. Nf3 d5 3. e3 Nf6 4. Be2 Bg4 5. Ne5 Bxe2 6. Qxe2 Nbd7 7. f4 e6 8. 0-0 Bd6 9. Nd2 0-0 10. c4 c5 11. b3 Qb6 12. Bb2 Rfc8 13. Nxd7 Nxd7 14. cxd5 exd5 15. Nf3 c4 16. Ne5 Nxe5 17. fxe5 Bf8 18. Qf3 Qe6 19. bxc4 Rxc4 20. Rf2 Rd8 21. Raf1 Rc7 22. Qg3 Kh8 23. Qh4 Rcd7 24. Rxf7 Rxf7 25. Rxf7 Qxf7 26. Qxd8 Qe7 27. Qxe7 Bxe7 28. Kf2 Kg8 29. e4 Kf7 1-0

[Event "Zupanja op-B 13th"]
[Site "Zupanja"]
[Date "2007.01.06"]
[Round "4"]
[White "Plenca, Julian"]
[Black "Hutinovic, Halim"]
[Result "1-0"]
[WhiteElo "2173"]
[BlackElo "2006"]
[PlyCount "114"]
[EventDate "2007.01.03"]
[EventType "swiss"]
[EventRounds "9"]
[EventCountry "CRO"]
[SourceTitle "CBM 116 Extra"]
[Source "ChessBase"]
[SourceDate "2007.03.07"]
[SourceVersion "1"]
[SourceVersionDate "2007.03.07"]
[SourceQuality "1"]

1. e4 g6 2. d4 Bg7 3. Nc3 d6 4. g3 Nf6 5. Bg2 0-0 6. h3 c6 7. Nge2 Na6 8. 0-0 Nc7 9. Be3 Bd7 10. g4 Qc8 11. Ng3 Nfe8 12. f4 e6 13. e5 Nd5 14. Nxd5 cxd5 15. g5 h5 16. c3 Bb5 17. Rf2 Qd7 18. Qf3 Bc6 19. Bf1 Bh8 20. Bd3 Ng7 21. b3 Nf5 22. Bc1 Rfc8 23. Ba3 dxe5 24. fxe5 Bg7 25. Re1 Bf8 26. Bxf8 Kxf8 27. Bxf5 exf5 28. Ne2 Qe7 29. h4 Bd7 30. Qxd5 Bc6 31. Qc5 Qxc5 32. dxc5 Be4 33. Nd4 Ke7 34. b4 a5 35. Rb2 axb4 36. cxb4 Ra3 37. Nb3 Ke6 38. Nd2 Rg3+ 39. Kf1 Kxe5 40. Nc4+ Kf4 41. Nd6 Rc7 42. Rf2+ Ke5 43. Rd2 Rh3 44. Nc4+ Ke6 45. Rd6+ Ke7 46. Nb6 Kf8 47. Nd7+ Rxd7 48. Rxd7 Rxh4 49. b5 Rh1+ 50. Kf2 Rh2+ 51. Ke3 Rxa2 52. Kf4 Rc2 53. c6 bxc6 54. b6 Rb2 55. Ra1 c5 56. Raa7 Rxb6 57. Rxf7+ Ke8 1-0